000 00826nam a2200181Ia 4500
999 _c40612
_d40612
001 7239
003 GE_BSU
005 20230830155036.0
008 181216s2012||||ge |||||||||||||| ||geo||
040 _cGE_BSU
041 _ageo
080 _a340 ს-30
245 _aსამართლის მონიტორინგის ანგარიში №1 :
_bკვლევის პერიოდი : 2011 წლის ოქტომბერი-2012 წლის თებერვალი.
264 _aთბილისი :
_bსაერთაშორისო გამჭვირვალობა- საქართველო,
_c2012.
300 _a70 გვ. ;
_c25 სმ.
653 _aსამართლის მონიტორინგის ანგარიში
942 _cBK
_2udc